00463 2200169 4500245004600000020002200046250001100068100001600079650002100095650001000116005001900126260009700145041001400242084000800256300002000264336000900284 aJagoi Penjaga RepublikcDino UmahukhText a978-602-437-366-5 aCet. 1 aDino Umahuk aSastra Indonesia aEbook a20241105085350 aJakartabBadan Pengembangan dan Pembinaan Bahasa Kementerian Pendidikan dan Kebudayaanc2017 aIndonesia a813 a136 hlm. :cPDF atext